Mots par définition #4 - Liens de parenté - Statistiques

Statistiques générales
  • Ce quiz a été pris 341 fois
  • Le résultat moyen est 13 sur 15
Statistiques - réponses
Genre Définition Lien de parenté % Correct
Nom Masculin Enfant mâle, par rapport à son père ou à sa mère et par opposition à fille. Fils
96%
Nom Masculin Père du grand-père ou de la grand-mère ; bisaïeul. Arrière-grand-père
95%
Nom Féminin Mère du père ou de la mère. Grand-mère
94%
Nom Masculin Frère du conjoint. / Époux de la sœur ou de la belle-sœur. Beau-frère
92%
Nom Masculin Fils du frère ou du beau-frère, de la sœur ou de la belle-sœur, par rapport à l'oncle ou à la tante. Neveu
91%
Nom Masculin Homme qui a engendré ou qui a adopté un ou plusieurs enfants. Père
91%
Nom Féminin Sœur du père ou de la mère. / Femme de l'oncle. Tante
91%
Nom Masculin Tout autre descendant masculin de l'oncle ou de la tante ou son conjoint. Cousin
89%
Nom Féminin Mère du conjoint. Seconde épouse du père par rapport aux enfants d'un premier mariage. Belle-mère
88%
Nom Féminin Femme du fils. Fille que le conjoint a eue d'un mariage antérieur. Belle-fille
86%
Nom Masculin Fils du fils ou de la fille, par rapport à l'aïeul ou à l'aïeule. Petit-fils
85%
Nom Féminin Sœur du grand-père ou de la grand-mère. Grand-tante
77%
Nom Féminin Fille du petit-fils ou de la petite-fille, par rapport au bisaïeul ou à la bisaïeule. Arrière-petite-fille
69%
Nom Féminin Fille du neveu ou de la nièce. Petite-nièce
62%
Nom Ascendant d'une personne ou d'une famille antérieur aux parents ; aïeul. Ancêtre
49%
Aucun quiz correspondant
Distribution des résultats
% des personnes avec chaque résultat
Percentile par nombre de réponses
Votre historique - résultats
Vous n’avez pas pris ce quiz